000 01080nas a2200325 4500
001 BR2011003214
003 BR-BrBNA
005 20231205115345.0
007 ta
008 230509b bl.|||p| |||| 00| 00por d
040 _aBR-BrBNA
_bpor
_cBiblioteca Nacional de Agricultura
041 _a(Pt)
072 _aH60
100 1 _aCarbonari, C.A.
100 1 _aMeschede, D.K.
100 1 _aCorrea, M.R.
100 1 _aVelini, E.D.
100 1 _aTofoli, G.R.
245 1 _aEficácia do herbicida diclosulam em associação com a palha de sorgo no controle de Ipomoea grandifolia e Sida rhombifolia
246 1 _aEfficacy of diclosulam associated with Sorghun bicolor moench mulch in controlling Ipomoea grandifolia and Sida rhombifolia
650 _aERVA DANINHA
650 _aPLANTIO DIRETO
650 _aHERBICIDA
650 _aPALHA
650 _aSORGO
650 _aCOBERTURA MORTA
773 0 _tPlanta Daninha (Brazil)
_xISSN 0100-8358
_g(Jul-Sep 2008), v. 26(3) p. 657-664
_wBR2011003214
909 _a202311
_bLúcia
_c55
_dLúcia Elande
942 _2AGRIS
_n0
_cANA
999 _c213379
_d213379